Bandiere di Paesi contenenti la luna - Statistics

Statistiche generali
  • Questo quiz è stato fatto 68 volte
  • Il punteggio medio è 15 su 16
Statistiche sulle risposte
con Immagini Risposta % Corretto
Pakistan
100%
Algeria
98%
Turchia
98%
Croazia
97%
Moldavia
97%
Nepal
97%
Tunisia
97%
Malesia
92%
Singapore
92%
Uzbekistan
90%
Azerbaigian
86%
Libia
86%
Brunei
83%
Turkmenistan
83%
Mauritania
81%
Comore
78%
Nessun quiz corrispondente trovato
Distribuzione punteggi
Percentuale di utenti per punteggio
Percentile per numero di risposta
I tuoi punteggi nel tempo
Non hai fatto questo quiz